000
00290nam a2200109Ia 4500
008
230627s9999 xx 000 0 und d
041
_a
mar
082
_a
345
_b
SHU
100
_a
Shukla D.S
245
_a
Prevention Of Terrorism Act, 2002
260
_a
Allahabad
_b
Dwivedi Law Publications
_c
2002
999
_c
686610
_d
686610